Subverting Defoe's utopia : Coetzee's reinterpretation of Robinson Crusoe in Foe /
Saved in:
| Main Author: | |
|---|---|
| Format: | Thesis Book |
| Language: | English |
| Published: |
2011.
|
| Subjects: | |
| Tags: |
Add Tag
No Tags, Be the first to tag this record!
|
| LEADER | 01131cam a2200289 a 4500 | ||
|---|---|---|---|
| 001 | u863739 | ||
| 003 | SIRSI | ||
| 005 | 201209041055 | ||
| 008 | 120904s2011 my a t 000 0 eng m | ||
| 040 | |a UMM | ||
| 090 | |a PR13 |b UM 2011 You | ||
| 100 | 1 | |a Yousofi, Morteza. | |
| 245 | 1 | 0 | |a Subverting Defoe's utopia : |b Coetzee's reinterpretation of Robinson Crusoe in Foe / |c Morteza Yousofi. |
| 260 | |c 2011. | ||
| 300 | |a vi, 111 leaves : |b ill. ; |c 30 cm. | ||
| 502 | |a Dissertation (M.A. (Engl.Lit.)) -- Jabatan Inggeris, Fakulti Sastera dan Sains Sosial, Universiti Malaya, 2011. | ||
| 504 | |a Bibliography: leaves 107-111. | ||
| 600 | 1 | 0 | |a Coetzee, J. M., |d 1940- |x Criticism and interpretation. |
| 600 | 1 | 0 | |a Coetzee, J. M., |d 1940- |t Foe. |
| 600 | 1 | 0 | |a Defoe, Daniel, |d 1661?-1731 |x Fictional works. |
| 600 | 1 | 0 | |a Defoe, Daniel, |d 1661?-1731. |t Robinson Crusoe. |
| 650 | 0 | |a Utopias in literature. | |
| 650 | 0 | |a Spirituality in literature. | |
| 710 | 2 | |a Universiti Malaya. |b Jabatan Inggeris. | |
| 900 | |a AT-ZA | ||
| 596 | |a 1 | ||
| 999 | |a PR13 UM 2011 YOU |w LC |c 1 |i A515045687 |d 27/2/2013 |f 27/2/2013 |g 1 |l STACKS |m P01UTAMA |r Y |s Y |t TESIS |u 25/2/2013 | ||
